Normal view
MARC view
Entry Personal Name
001 - CONTROL NUMBER
- control field: 163847
003 - CONTROL NUMBER IDENTIFIER
- control field: OSt
005 - DATE AND TIME OF LATEST TRANSACTION
- control field: 20220923215440.0
008 - FIXED-LENGTH DATA ELEMENTS
- fixed length control field: 220923|| aca||aabn | a|a d
040 ## - CATALOGING SOURCE
- Original cataloging agency: OSt
- Transcribing agency: OSt
100 ## - HEADING--PERSONAL NAME
- Personal name: शुक्ल, केसरी नारायण; टंडन, प्रेमनारायण, संपा
670 ## - SOURCE DATA FOUND
- Source citation: Work cat.: (OSt)332228: शुक्ल, केसरी नारायण; टंडन, प्रेमनारायण, संपा., ब्रजभाषा सूर कोश, 1974
